Najpopularniejsi Polscy YouTuberzy 2022 - Statystyki

Ogólne statystyki
  • Ten quiz został rozwiązany 22 146 razy
  • Średni wynik to 4 z 10
Statystyki odpowiedzi
Liczba Subskrypcji YouTube % Poprawnych
4 580 000 Friz
96%
4 770 000 Blowek
90%
4 380 000 reZigiusz
65%
4 260 000 Stuu
64%
3 320 000 Naruciak
33%
3 620 000 SA wardega
26%
2 620 000 isamu
18%
3 380 000 Abstrachuje TV
15%
2 460 000 Vito
13%
2 730 000 Planeta Faktów
11%
Nie znaleziono quizów pasujących do podanych kryteriów
Rozkład punktacji
Procent ludzi z każdym wynikiem
Percentyl według liczby udzielonych odpowiedzi
Twoja historia wyników
Nie rozwiązałeś tego quizu